000 00904nam1a22002411i 4500
001 rc\3438701
005 20241101045022.0
035 _a(NLR Aleph) 007567160
090 _a5364770
_c5364770
100 _a20130115d1974 |||y0rusy50 ca
101 0 _arus
102 _aRU
105 _a z |||||
200 1 _aСочинения
_eВ 2 т.
_f[Сост., общ. ред. и вступ. статья Х.Н. Момджяна]. Т. 1-
_gАН СССР. Ин-т философии
210 _aМосква
_cМысль
_d1974
215 _d20
225 1 _aФилософское наследие
700 1 _aГельвеций
_bК.А.
_f1715-1771
_gКлод Адриан
702 1 _4220
_4340
_4080
_7ca
_8rus
_aМомджян
_bХ. Н.
_f1909-1996
_gХачик Нишанович
_9268733
_3RU\NLR\AUTH\770268789
801 0 _aRU
_bNLR
_gpsbo
801 1 _aRU
_bELAR
_2rusmarc
852 _aNLR
_j74-3/4859
942 _cBOOK